| 000 | 01813cam a22002658i 4500 | ||
|---|---|---|---|
| 001 | q83qkqnwnn16hrs6 | ||
| 003 | GSU | ||
| 005 | 20260603105315.0 | ||
| 008 | 240511s2024 xx |||||||||||000 0|eng|d | ||
| 020 | _a9781805221111 (paperback) | ||
| 040 |
_erda _beng _cGSU _dGSU |
||
| 050 | 0 | 0 |
_aJC330.3 _bTEM |
| 100 | 1 |
_aTemkin, Moshik _4author |
|
| 245 | 1 | 0 |
_aWarriors, rebels and saints / _cMoshik Temkin. |
| 264 | 1 |
_aLondon : _bProfile Books Ltd, _c©2023 |
|
| 300 |
_axiii, 304 pages : _billustrations ; _c24 cm |
||
| 336 |
_atext _btxt _2rdacontent |
||
| 337 |
_aunmediated _bn _2rdamedia |
||
| 338 |
_avolume _bnc _2rdacarrier |
||
| 504 | _aIncludes index. | ||
| 520 | _aWe live in a period of leadership in crisis. At home, we sense that unqualified and irresponsible individuals are being elevated to positions of power, while across the globe, strong men leaders consolidate their hold on governance. How have we arrived at this point? And how can we correct our course? For the past decade, Moshik Temkin has challenged his students at Harvard University's Kennedy School of Government to grapple with the nature of leadership throughout history as part of his wildly popular course "On Leaders and Leadership." Now, in Warriors, Rebels and Saints, Temkin refashions the classroom for a wider audience. Using art and literature to illustrate the drama of the past, Temkin considers how leaders have made decisions in the most difficult circumstances-from the dictatorship of Rafael Trujillo and the anticolonial wars of the 20th century to the civil rights movement and the horrors of the Vietnam War-and how we can evaluate those decisions and draw lessons for today"-- Provided by publisher | ||
| 650 | _aPolitical leadership | ||
| 650 | _aDecision making | ||
| 942 |
_2lcc _cBK _hJC330.3 _kJC _mTEM _n0 |
||
| 999 |
_c2712 _d2712 |
||